Science Quiz

Random Science or World Quiz

'B' Natural World Quiz Stats

 Plays Quiz Updated Jan 16, 2016

Also try: 'A' Natural World
Challenge
Share
Tweet
Embed
Score 0/20 Timer 05:00
8 Plays Today
Hint Answer % Correct
What name is given to a pollinating insect that produces a buzzing sound as it flies?Bumblebee
97.1%
Which primarily nocturnal rodent is known for building dams? Beaver
96.3%
Which fast-growing member of the grass family is the main food of the giant panda?Bamboo
94.3%
Monarch, Painted Lady, and Speckled Wood are common types of which insect?Butterfly
92.4%
Which type of muscular, wrinkly dog includes English, American, and French breeds?Bulldog
89.2%
Flying Fox, Horseshoe, and Pipistrelle are types of which flying mammal? Bat
83.6%
What name is given to an uncastrated domestic male swine?Boar
83.1%
Which whale, found primarily in the Arctic, is also called the White Whale?Beluga whale
72.4%
Which large breed of dog is often used to track escaped prisoners or missing people?Bloodhound
70.7%
Which small to medium-sized dog is used to track rabbits and other small game?Beagle
65.8%
Hint Answer % Correct
Which terrestrial primates have dog-like muzzles, sharp teeth, and short tails?Baboons
64.1%
Which nocturnal omnivore lives underground in burrows called 'setts'?Badger
47%
What is the common name for several carrion-eating birds, (as well as a kind of large hawk)?Buzzard
46.9%
Which saltwater game fish is known for its large size and fearsome appearance?Barracuda
44.6%
Which popular pet bird, often referred to as a parakeet, originated in Australia?Budgerigar
43.7%
Which filter-feeding shark is named for its habit of often appearing in warmer, sunlit surface waters?Basking shark
37.3%
Which tree known as the 'upside-down tree' is found in Africa and Madagascar?Baobab
29%
Which small African nocturnal primates are also known as Galagos?Bush babies
23.1%
Which omnivorous marsupials are endemic to the Australia-New Guinea region?Bandicoots
10.2%
Which birds are often cited as the heaviest living flying animals?Bustards
8.1%

You're not logged in!

Compare scores with friends on all Sporcle quizzes.
Join for Free
OR
Log In

You Might Also Like...

Show Comments

Extras

Top Quizzes Today


Score Distribution

Your Account Isn't Verified!

In order to create a playlist on Sporcle, you need to verify the email address you used during registration. Go to your Sporcle Settings to finish the process.

Report this User

Report this user for behavior that violates our Community Guidelines.

Details: